000 00706nam a2200181 i 4500
001 28739
003 ES-MaACL
005 20230906153923.0
007 t|
008 030120s1943 sp ||||1| spa d
100 1 _aBaratech Montes, Benigno.
_925342
245 1 0 _aMatemáticas
_b: cuarto curso de Bachillerato : obra adaptada al cuestionario aprobado por Orden de 14 de abril de 1939 aprobado por el Ministerio de Educación Nacional /
_cBenigno Baratech Montes y José Estevan Ciriquián.
250 _a3ª ed.
260 _aZaragoza :
_b[s.n.,
_c1943] (
_fImp. Heraldo de Aragón)
300 _a256 p. ;
_c27 cm.
700 1 _aEstevan Ciriquián, José.
_948124
852 _aES-MaACL
_jF-16265
_bR.20949
999 _c28739
_d28739